The Cross-stitch collection : over 25 easy-to-make projects
| Other Authors: | |
|---|---|
| Format: | Book |
| Published: |
London :
Marshall Cavendish ,
1995
|
| Subjects: |
MARC
| LEADER | 00000cam a2200000 7i4500 | ||
|---|---|---|---|
| 001 | 0000008388 | ||
| 002 | 000009143 | ||
| 005 | 20000330.0 | ||
| 020 | |a 1854358294 | ||
| 090 | 0 | 0 | |a 746.44 |b CRO |
| 245 | 0 | 4 | |a The Cross-stitch collection : |b over 25 easy-to-make projects |c foreword by Milinda Coss |
| 260 | |a London : |b Marshall Cavendish , |c 1995 | ||
| 300 | |a 128p. : |b ill. ; |c 29cm. | ||
| 650 | 0 | 0 | |a Cross stitch |
| 700 | 1 | |a Coss, Melinda | |
| 999 | |a 052968 |b BUKU |c PINJAMAN |e PERPUSTAKAAN KOMUNITI PETALING JAYA | ||
| 999 | |a 052969 |b BUKU |c PINJAMAN |e PERPUSTAKAAN KOMUNITI PETALING JAYA | ||